| 000 | 00407cam a2200157ua 4500 | ||
|---|---|---|---|
| 003 | OSt | ||
| 008 | 250731b |||||||| |||| 00| 0 eng d | ||
| 082 |
_a625.7 _bPRI/FU |
||
| 100 |
_aPriyam, V. B . _91810 |
||
| 245 | _aFundamental principles of road engineering / | ||
| 250 | _a4 / | ||
| 260 |
_aindia : _bCharactor Book Stall , _c1962. |
||
| 300 | _a324 ; . | ||
| 700 | 1 |
_aVasan, B . _91811 |
|
| 942 | _cBK | ||
| 999 |
_c2760 _d2760 |
||